[Event "Louviers op 12th"]
[Site "Louviers"]
[Date "2009.06.01"]
[Round "6"]
[White "Frey, Alain"]
[Black "Grenet, Dominique"]
[Result "1/2-1/2"]
[WhiteElo "1770"]
[BlackElo "1440"]
[PlyCount "174"]
[EventDate "2009.05.30"]
[EventType "swiss"]
[EventRounds "6"]
[EventCountry "FRA"]
[SourceTitle "EXT 2011"]
[Source "ChessBase"]
[SourceDate "2010.11.26"]
[SourceVersion "1"]
[SourceVersionDate "2010.11.26"]
[SourceQuality "1"]

1. e4 e5 2. Nf3 Nc6 3. Nc3 Nf6 4. Bc4 Be7 5. d3 d6 6. h3 Nd4 7. Bg5 Nxf3+ 8. Qxf3 h6 9. Bh4 c6 10. 0-0 0-0 11. Qe2 a6 12. Bxf6 Bxf6 13. a3 Bh4 14. Qf3 Qg5 15. Kh2 Qg6 16. Ne2 Bg5 17. Ng3 Bf4 18. Kh1 Be6 19. b4 Bxc4 20. dxc4 Bxg3 21. fxg3 Qe6 22. Qd3 Rad8 23. Rad1 Rd7 24. Rf2 Rfd8 25. Rfd2 b6 26. a4 Kf8 27. b5 axb5 28. cxb5 c5 29. c4 Ke7 30. Ra2 Ra7 31. Rda1 Rda8 32. Kg1 Kd7 33. Qc2 Qg6 34. Ra3 f6 35. Qd3 Qf7 36. Kf2 Kc7 37. g4 g5 38. Ke2 h5 39. gxh5 Qxh5+ 40. Qf3 Qf7 41. Kd3 Qg7 42. Qf5 Qf7 43. Kc3 Kd8 44. R3a2 Ke7 45. Kb3 Qh5 46. Rf1 Rf8 47. Rd2 Qh4 48. Rfd1 Rd7 49. Rd3 Qf4 50. Rf3 Qxf5 51. Rxf5 Ke6 52. Rdf1 Rh7 53. Rxg5 Rh4 54. Rg4 Rxg4 55. hxg4 Rg8 56. Rf2 Rxg4 57. Re2 Rg3+ 58. Kb2 f5 59. exf5+ Kxf5 60. Rd2 Ke6 61. Re2 d5 62. cxd5+ Kxd5 63. Rc2 c4 64. Re2 e4 65. Ka2 Rg4 66. Rc2 Kc5 67. Rb2 Rg6 68. Kb1 e3 69. Kc1 Rf6 70. Re2 Rf1+ 71. Kc2 Rf2 72. Kd1 Rxe2 73. Kxe2 Kd4 74. a5 c3 75. axb6 c2 76. b7 c1Q 77. b8Q Qd2+ 78. Kf3 Qf2+ 79. Kg4 Qxg2+ 80. Kf5 Qe4+ 81. Kg5 e2 82. Qa7+ Kd3 83. Qa3+ Kd2 84. Qb2+ Qc2 85. Qd4+ Qd3 86. Qb2+ Ke1 87. b6 Qd2+ 1/2-1/2